000 00473 a2200157 4500
999 _c10249
_d10249
020 _a9788131506929
050 _aTA330
100 _aNeil Peter V.O
_eauthor
245 _aA textbook of Engineering Mathematics volume 1 /
_cPeter V.O' Neil andSantosh K.Sengar
264 _aAustralia:
_bCenage Learning,
_c2010
300 _a582p. :
500 _aincludes index
650 _aengineering mathematics
700 _aSengar Santosh K
_eauthor
942 _2lcc
_cBK
_h330
_iRAO
_kTA